000 00278nam a2200109Ia 4500
008 220204s9999 xx 000 0 und d
082 _a065
_bJOH
100 _aJohnson, Harry J
245 0 _aKeeping fit in your executive job
260 _aBombay
_bTaraporevala
_c1977
942 _cBK
999 _c30370
_d30370